000 00673nam a2200289Ia 4500
005 20260324124131.0
008 008 260324s9999 xx 000 0 eng d
020 _a9780203867747
037 _aEBOOK
040 _aCRL
040 _beng
040 _cCRL
041 _2eng
041 _aeng
084 _qCRL
100 _aBarry J. Ryan
_91172971
245 0 _aStatebuilding and Police Reform
245 4 _bThe Freedom of Security
260 _bTaylor and Francis
260 _c2011
365 _a
365 _b240
856 _uhttp://www.taylorfrancis.com/books/9780203867747
942 _cEBOOK
999 _c1767114
_d1767114